| 000 | 00315nam a22001097a 4500 | ||
|---|---|---|---|
| 008 | 180208b xxu||||| |||| 00| 0 eng d | ||
| 245 | _aMore men getting afflicted with HIV after paid sex. | ||
| 260 |
_aPhilippines: _bThe Philippine Star, _cc2017. |
||
| 300 | _apage 8. | ||
| 650 | 0 |
_926259 _aAIDS/HIV. |
|
| 942 |
_2ddc _cPER |
||
| 999 |
_c8495 _d8495 |
||